| 000 | 00661cam a22001934a 4500 | ||
|---|---|---|---|
| 005 | 20250605164349.0 | ||
| 008 | 250528s ||||||||||||||||||||||||d | ||
| 035 | _a24098 | ||
| 040 |
_aGR-AtMCL _bgre _dGR-AtMCL _eAACR2 |
||
| 245 | 1 | _aNipping Criminality in the Bud / Special Issue | |
| 260 | _c2006 | ||
| 300 | _a55 | ||
| 520 | _aA Scanner Darkly, Short-Term Memory, Child Neuropsychology Services, Through a Scanner Darkly, The Glue that Binds Memory, Children Behaving Badly: A Case of Misunderstanding?. | ||
| 700 | 1 |
_aSutton Jon _99351 |
|
| 942 | _cCR | ||
| 710 | 2 |
_aThe British Psychological Society _99823 |
|
| 999 |
_c8997 _d8997 |
||